| 000 | 00650nam a22002417a 4500 | ||
|---|---|---|---|
| 003 | UA-OsUOA | ||
| 001 | 119581 | ||
| 007 | ta | ||
| 008 | 20161103b un ||||| |||| 00| 0 ukr d | ||
| 100 | _aТагліна Ю. С. | ||
| 090 |
_a94(477):929 _bТ12 |
||
| 942 | _cBK | ||
| 040 |
_aUA-OsUOA _bukr _cUA-OsUOA _dUA-OsUOA |
||
| 245 | _aМихайло Грушевський | ||
| 300 | _a128 с. | ||
| 955 | _a1 | ||
| 041 | _aukr | ||
| 080 | _a94(477):929 | ||
| 020 | _a978-966-97340-5-1 | ||
| 260 |
_aК. _bУкрвидавполіграфія _c2014 |
||
| 650 | 7 |
_a9 Географія. Біографії. Історія _2UDC |
|
| 999 |
_c405813 _d405813 |
||